Child language : acquisition and growth /
| Hoofdauteur: | |
|---|---|
| Formaat: | Boek |
| Taal: | English |
| Gepubliceerd in: |
Cambridge ; New York :
Cambridge University Press,
2006.
|
| Reeks: | Cambridge textbooks in linguistics
|
| Onderwerpen: | |
| Online toegang: | Publisher description Table of contents only Contributor biographical information |
| Classic Catalogue: | View this record in Classic Catalogue |
| LEADER | 01785nam a2200385 a 4500 | ||
|---|---|---|---|
| 001 | 30077 | ||
| 003 | BD-DhAAL | ||
| 005 | 20151104110143.0 | ||
| 008 | 151104s2006 enka b 001 0 eng | ||
| 010 | |a 2006299921 | ||
| 020 | |a 9780521444781 (hbk.) | ||
| 020 | |a 0521444780 (hbk.) | ||
| 020 | |a 9780521449229 (pbk.) | ||
| 020 | |a 0521449227 (pbk.) | ||
| 035 | |a (OCoLC)ocm60794222 | ||
| 035 | |a (OCoLC)60794222 | ||
| 040 | |a UKM |c UKM |d BAKER |d OUN |d C#P |d VP@ |d YDXCP |d DLC |d BD-DhAAL | ||
| 042 | |a lccopycat | ||
| 050 | 0 | 0 | |a P118.15 |b .L87 2006 |
| 082 | 0 | 4 | |a 401.93 |2 22 |
| 100 | 1 | |a Lust, Barbara, |d 1941- |9 14251 | |
| 245 | 1 | 0 | |a Child language : |b acquisition and growth / |c Barbara C. Lust. |
| 260 | |a Cambridge ; |a New York : |b Cambridge University Press, |c 2006. | ||
| 300 | |a xix, 389 p. : |b ill. ; |c 26 cm. | ||
| 490 | 0 | |a Cambridge textbooks in linguistics | |
| 504 | |a Includes bibliographical references (p. 293-372) and indexes. | ||
| 541 | |e 30077 | ||
| 650 | 0 | |a Language acquisition |x Research |x Methodology. |9 10051 | |
| 856 | 4 | 2 | |3 Publisher description |u http://www.loc.gov/catdir/enhancements/fy0617/2006299921-d.html |
| 856 | 4 | 1 | |3 Table of contents only |u http://www.loc.gov/catdir/enhancements/fy0617/2006299921-t.html |
| 856 | 4 | 2 | |3 Contributor biographical information |u http://www.loc.gov/catdir/enhancements/fy0732/2006299921-b.html |
| 942 | |2 ddc |c BK | ||
| 999 | |c 36032 |d 36032 | ||
| 952 | |0 0 |1 0 |2 ddc |4 0 |6 401_930000000000000_LUS |7 0 |9 56612 |a BRACUL |b BRACUL |c GEN |d 2015-11-04 |e Karim International |g 4020.00 |l 2 |m 13 |o 401.93 LUS |p 3010030077 |r 2025-01-20 |s 2024-10-31 |t 1 |w 2015-11-04 |y BK | ||
| 952 | |0 0 |1 0 |2 ddc |4 0 |6 401_930000000000000_LUS |7 0 |9 56613 |a BRACUL |b BRACUL |c GEN |d 2015-11-04 |e Karim International |g 4020.00 |l 3 |m 37 |o 401.93 LUS |p 3010030092 |r 2025-12-14 |s 2025-10-12 |t 2 |w 2015-11-04 |y BK | ||